00454nam a2200181 a 450000100060000000300090000600800410001502000140005604000280007008200170009810000140011524500380012926000370016730000080020465000220021265000190023465000190025321658CO-ViMGA141112s2004 ck r 000 u spa d a847888535 aCO-ViMGAbspacCO-ViMGA04a823.91 R685o1 aRowling, 10aHarry Potter y la orden del Fenix aBarcelona : bSalamandra, c2004 a89314aBRUJERIA - NOVELA14aMAGIA - NOVELA14aNOVELA INGLESA